Κατάλογος Βιβλιοθηκών Mediterranean College

Practical Exercises in Probability and Statistics / For First-Year Honours Degree Students: Suitable also for Sixth Forms and Colleges of Education (Record no. 5283)

MARC details
000 -LEADER
fixed length control field 01608cam a22002054a 4500
005 - ΗΜΕΡΟΜΗΝΙΑ ΚΑΙ ΩΡΑ ΤΕΛΕΥΤΑΙΑΣ ΕΝΗΜΕΡΩΣΗΣ
Πεδίο ελέγχου 20250605164208.0
008 - FIXED-LENGTH DATA ELEMENTS--GENERAL INFORMATION
Πεδίο ελέγχου σταθερού μήκους 250528s ||||||||||||||||||||||||d
035 ## - SYSTEM CONTROL NUMBER
System control number 20144
020 ## - ISBN
ISBN 852642172
040 ## - ΠΗΓΗ ΚΑΤΑΛΟΓΟΓΡΑΦΗΣΗΣ
Φορέας πρωτότυπης καταλογογράφησης MC Athens Campus Library
Γλώσσα καταλογογράφησης Ελληνικά, Μοντέρνα (1453-)
Modifying agency MC Athens Campus Library
Κανόνες περιγραφικής καταλογογράφησης AACR2
245 1# - ΤΙΤΛΟΣ ΚΑΙ ΔΗΛΩΣΗ ΥΠΕΥΘΥΝΟΤΗΤΑΣ
Τίτλος Practical Exercises in Probability and Statistics / For First-Year Honours Degree Students: Suitable also for Sixth Forms and Colleges of Education
260 ## - PUBLICATION, DISTRIBUTION, ETC.
Date of publication, distribution, etc. 1972
300 ## - PHYSICAL DESCRIPTION
Extent 338
520 ## - SUMMARY, ETC.
Summary, etc. This book is suitable for technical colleges and colleges of education. It includes 200 exercises with answers and hints on solutions, illustrating practical applications of probability and statistical theory and the use of computational methods. Preface, Introduction, Life Skills Theory, Life Skills Model of Practice, Counsellors as Persons, Develop the Relationship and Clarify Problems, Listening Skills, Showing Understanding Skills, Clarifying Problems Skills, Assess and Restate Problems in Skills Terms, Assess Feelings and Physical Reactions, Assess Thinking and Actions, Restate Problems in Skills Terms, Stage Goals and Plan Interventions, State Deficits as Goals, Plan Interventions, Intervene to Develop Life Skills, Delivering Interventions Skills, Interventions for Thinking, Interventions for Actions, Interventions for Feelings, Emphasize Take-Away and End, Emphasize Take-Away of Life Skills, End and Evaluate, Looking Ahead, Develop Your Counselling Skills, Bibliography, Name and Subject Index.
700 1# - ΠΡΟΣΘΕΤΗ ΑΝΑΓΡΑΦΗ--ΦΥΣΙΚΟ ΠΡΟΣΩΠΟ
Personal name Griffin London
9 (RLIN) 6196
700 1# - ΠΡΟΣΘΕΤΗ ΑΝΑΓΡΑΦΗ--ΦΥΣΙΚΟ ΠΡΟΣΩΠΟ
Personal name Rahman N. A
9 (RLIN) 6197
942 ## - ADDED ENTRY ELEMENTS (KOHA)
Koha item type Books
Holdings
Τύπος τεκμηρίου Βιβλιοθήκη Τρέχουσα τοποθεσία Barcode Αριθμός εισαγωγής Ημερομηνία απόκτησης Ταξιθετικό σύμβολο Αριθμός αντιτύπου Κατάσταση απόσυρσης Κατάσταση χαμένου Κατάσταση κατεστραμμένου Μη δανεισμός Σύνολο δανεισμών Ημερομηνία τελευταίας εμφάνισης Η τιμή ισχύει από
Books MC Athens Campus Library MC Athens Campus Library 9780000052827 6379 05/06/2025 519.2/076 RAH 1           05/06/2025 05/06/2025

MC Athens Campus Library
Πατησίων 94 & Κοδριγκτώνος 13, 104 34
Πελλήνης 8 & Πατησίων 107, 112 51
Τ: +30 210 8899600

MC Thessaloniki Campus Library
Ίωνος Δραγούμη 21, 54625 | Ίωνος Δραγούμη 15, 54625
Τ: +30 2310 287779 – Τ: +30 2314 440300